Crisis en Europa: 1560 - 1660
Gespeichert in:
| 1. Verfasser: | |
|---|---|
| Format: | Buch |
| Sprache: | Spanisch |
| Veröffentlicht: |
Madrid
Alianza
1983
|
| Schriftenreihe: | Alianza Universidad
|
| Schlagworte: | |
| Tags: |
Tag hinzufügen
Keine Tags, Fügen Sie den ersten Tag hinzu!
|
MARC
| LEADER | 00000nam a2200000 a 4500 | ||
|---|---|---|---|
| 001 | UCO0299 | ||
| 003 | CL-VaPUC | ||
| 008 | 000420e19830000SP |||||||||||||||||spa|d | ||
| 082 | 0 | 4 | |a 940.23 |b AST |2 21 |
| 100 | |a Aston, Trevor |e author |9 441485 | ||
| 245 | 1 | 0 | |a Crisis en Europa: 1560 - 1660 |
| 300 | |a 389 p | ||
| 942 | |c BK | ||
| 945 | |d 20000420 00:00:00 |a rherrera | ||
| 260 | |a Madrid |b Alianza |c 1983 | ||
| 650 | 0 | |a Historia de Europa |9 392003 | |
| 650 | 0 | |a Historia moderna |9 268036 | |
| 650 | 7 | |a CRISIS |2 CL-VaPUC |9 328300 | |
| 650 | 0 | |a Monarquía absoluta |9 379070 | |
| 650 | 0 | |a Campesinado |9 440815 | |
| 650 | 7 | |a GUERRAS CIVILES |2 CL-VaPUC |9 361938 | |
| 650 | 0 | |a Siglos 16-17 |9 319315 | |
| 583 | |a last modification |c 20000420 00:00:00 |k Rodrigo Vera | ||
| 490 | 0 | |a Alianza Universidad | |
| 999 | |c 287012 |d 287010 | ||
| 952 | |0 0 |1 0 |4 0 |6 940_230000000000000_AST_1983 |7 0 |8 A |9 333385 |a BIBHIS |b BIBHIS |d 2019-11-20 |i 1264354 |o 940.23 AST 1983 |p 1264354 |r 2025-01-20 |w 2019-11-20 |y BK |k HIS | ||
| 952 | |0 0 |1 0 |4 0 |6 940_230000000000000_AST_1983 |7 0 |8 A |9 333386 |a BIBHIS |b BIBHIS |d 2019-11-20 |i 1264362 |o 940.23 AST 1983 |p 1264362 |r 2025-01-20 |w 2019-11-20 |y BK |k HIS | ||